|
|
|
|
| LEADER |
01402nam a2200373 a 4500 |
| 001 |
c000383705 |
| 003 |
CARM |
| 005 |
00000000000000.0 |
| 008 |
r19831982enka b 00110 eng d |
| 015 |
|
|
|a b8326783
|
| 019 |
1 |
|
|a 2917755
|5 LACONCORD2021
|
| 020 |
|
|
|a 0045700133 (pbk.) :
|c £3.95 : CIP rev
|
| 035 |
|
|
|a (OCoLC)12468008
|5 LACONCORD2021
|
| 040 |
|
|
|a VDU
|c VDU
|
| 043 |
|
|
|a e-ne---
|
| 050 |
0 |
0 |
|a QL737.P96
|
| 082 |
0 |
4 |
|a 599.88440451
|2 19
|
| 100 |
1 |
|
|a Waal, Frans de.
|
| 245 |
1 |
0 |
|a Chimpanzee politics :
|b power and sex among apes /
|c Frans de Waal ; [foreword by Desmond Morris]
|
| 260 |
|
|
|a London :
|b Unwin Paperbacks,
|c 1983, c1982.
|
| 300 |
|
|
|a 223 p. :
|b ill. ;
|c 20 cm.
|
| 490 |
0 |
|
|a Counterpoint.
|
| 500 |
|
|
|a Netherlands. Arnhem. Zoos: Burgers Dierenpark. (Arnhem). Chimpanzees. Social behaviour (BNB/PRECIS)
|
| 500 |
|
|
|a Originally published: London : Cape, 1982.
|
| 500 |
|
|
|a Includes index.
|
| 504 |
|
|
|a Bibliography: p. 214-218.
|
| 610 |
2 |
0 |
|a Burgers Dierenpark (Arnhem)
|
| 650 |
|
0 |
|a Chimpanzees
|x Behavior.
|
| 650 |
|
0 |
|a Mammals.
|
| 650 |
|
0 |
|a Social behavior in animals.
|
| 650 |
|
0 |
|a Zoo animals
|z Netherlands
|z Arnhem.
|
| 852 |
8 |
|
|b CARM
|h A3:AD26A0
|i A05522
|p 0480992
|f BK
|
| 999 |
f |
f |
|i 1086307b-3b3d-587d-8cd4-bd957ae5bdc9
|s 0fa96bf1-30ac-5b8d-a5f1-2c2c811541ba
|
| 952 |
f |
f |
|p Can circulate
|a CAVAL
|b CAVAL
|c CAVAL
|d CARM 1 Store
|e A05522
|f A3:AD26A0
|h Other scheme
|i book
|m 0480992
|